000
00301nam a2200109Ia 4500
008
190216s9999||||xx |||||||||||||| ||und||
100
_a
Weatherburn C E
245
2
_a
A First Course In Mathematical Statistics
260
_b
The English Language Book Society
_c
1946
650
_a
Mathematics
942
_c
BK
999
_c
37162
_d
37162